[Event "Mundial Juvenil 2005 s14"]
[Site "Belfort FRA"]
[Date "2005.07.20"]
[Round "2.4"]
[White "Pap, Gyula"]
[Black "Charmeteau, Sven"]
[Result "1-0"]
[WhiteElo "2384"]
[BlackElo "2062"]
[PlyCount "83"]
[EventDate "2005.07.19"]
[EventType "swiss"]
[EventRounds "11"]
[EventCountry "FRA"]
[Source "lmi"]
[SourceDate "2005.07.31"]

1. d4 Nf6 2. c4 g6 3. Nc3 d5 4. cxd5 Nxd5 5. Bd2 Bg7 6. e4 Nxc3 7. Bxc3 O-O 8.
Qd2 e6 9. Nf3 a6 10. Bd3 Nd7 11. O-O b6 12. Rad1 Bb7 13. Rfe1 Rc8 14. Qe2 a5
15. Ba6 Bxa6 16. Qxa6 Qe7 17. e5 Rfd8 18. h4 h5 19. Bd2 Nb8 20. Qb7 Qd7 21. Rc1
c5 22. Qxb6 Rc6 23. Qb5 cxd4 24. Rcd1 Ra6 25. a4 Qc8 26. Rc1 Nc6 27. Rc5 Bf8
28. Rc4 Rd5 29. Qb3 Qd7 30. Rec1 Bb4 31. Bxb4 axb4 32. Rc5 Rxc5 33. Rxc5 d3 34.
Qc4 Rb6 35. Nd2 Ne7 36. Rc7 Qe8 37. Qc5 Rc6 38. Rxe7 Qc8 39. Qxb4 Rc1+ 40. Kh2
Rc5 41. Ne4 Rxe5 42. Re8+ 1-0

[Event "Mundial Juvenil 2005 s14"]
[Site "Belfort FRA"]
[Date "2005.07.20"]
[Round "2.6"]
[White "Modwal, Sankalp"]
[Black "Salgado Lopez, Ivan"]
[Result "1-0"]
[WhiteElo "2060"]
[BlackElo "2340"]
[PlyCount "119"]
[EventDate "2005.07.19"]
[EventType "swiss"]
[EventRounds "11"]
[EventCountry "FRA"]
[Source "lmi"]
[SourceDate "2005.07.31"]

1. e4 c5 2. Nf3 d6 3. d4 cxd4 4. Nxd4 Nf6 5. Nc3 a6 6. Rg1 e5 7. Nb3 Be6 8. g4
d5 9. g5 Nxe4 10. Nxe4 dxe4 11. Qxd8+ Kxd8 12. Be3 Kc7 13. O-O-O h6 14. gxh6 g6
15. Nc5 Bf5 16. Bc4 Rh7 17. Bd5 Nc6 18. Nxe4 Bxh6 19. Nf6 Bxe3+ 20. fxe3 Rxh2
21. e4 Be6 22. Bxe6 fxe6 23. Rxg6 Rf8 24. Rd7+ Kc8 25. Rh7 Rxh7 26. Nxh7 Rf1+
27. Kd2 Rf2+ 28. Kd3 Nd4 29. c3 Nc6 30. b4 Rf3+ 31. Kd2 Kd7 32. Ng5 Rf2+ 33.
Ke3 Rxa2 34. Nxe6 Nd8 35. Nc5+ Kc7 36. Ne6+ Nxe6 37. Rxe6 a5 38. Rxe5 axb4 39.
cxb4 Rb2 40. b5 Kd6 41. Rd5+ Ke6 42. Kd4 Rb4+ 43. Kc5 Rxe4 44. Rd6+ Ke7 45. Rh6
Kd8 46. Kb6 Re5 47. Rh8+ Kd7 48. Rh7+ Kc8 49. Rh8+ Kd7 50. Rb8 Rh5 51. Rxb7+
Kc8 52. Ka7 Rh1 53. Rb6 Rh7+ 54. Ka8 Rh5 55. Rb7 Rh1 56. b6 Rb1 57. Rc7+ Kd8
58. Kb7 Rb2 59. Rc1 Rd2 60. Ka8 1-0

[Event "Mundial Juvenil 2005 s14"]
[Site "Belfort FRA"]
[Date "2005.07.20"]
[Round "2.8"]
[White "Plaskan, Jure"]
[Black "Rozum, Ivan"]
[Result "0-1"]
[WhiteElo "2057"]
[BlackElo "2297"]
[PlyCount "88"]
[EventDate "2005.07.19"]
[EventType "swiss"]
[EventRounds "11"]
[EventCountry "FRA"]
[Source "lmi"]
[SourceDate "2005.07.31"]

1. e4 c5 2. Nf3 e6 3. d4 cxd4 4. Nxd4 Nc6 5. Nb5 d6 6. c4 Nf6 7. N1c3 a6 8. Na3
Be7 9. Be2 O-O 10. O-O b6 11. Be3 Ne5 12. f3 Qc7 13. Rc1 Ned7 14. Qe1 Bb7 15.
Qf2 Rac8 16. Rfd1 Bd8 17. Qg3 Ne5 18. Qf2 Kh8 19. b3 Rg8 20. Nc2 b5 21. Nd4
bxc4 22. Na4 Qd7 23. Qf1 cxb3 24. axb3 Rxc1 25. Rxc1 a5 26. Bb5 Qe7 27. Bd2 d5
28. exd5 Bxd5 29. Qe1 Ng6 30. Kh1 Qa7 31. Be3 Qb8 32. Qe2 Qd6 33. Qc2 e5 34.
Nc6 Bc7 35. Qc5 Qe6 36. b4 Bd6 37. Qb6 axb4 38. Nd8 Qe7 39. Rc8 h6 40. Nc5 e4
41. Bc6 exf3 42. Bxd5 Nxd5 43. Qxd6 fxg2+ 44. Kg1 Qxe3+ 0-1

[Event "Mundial Juvenil 2005 s14"]
[Site "Belfort FRA"]
[Date "2005.07.20"]
[Round "2.10"]
[White "Zhao, Nan"]
[Black "Tachikart, Yassin"]
[Result "1-0"]
[WhiteElo "2276"]
[BlackElo "2052"]
[PlyCount "77"]
[EventDate "2005.07.19"]
[EventType "swiss"]
[EventRounds "11"]
[EventCountry "FRA"]
[Source "lmi"]
[SourceDate "2005.07.31"]

1. e4 e5 2. Nf3 Nc6 3. d4 exd4 4. Nxd4 Qf6 5. Be3 Bc5 6. c3 Nge7 7. Bc4 d6 8.
O-O O-O 9. Nxc6 Nxc6 10. Bxc5 dxc5 11. f4 Rd8 12. Qe2 Be6 13. Na3 a6 14. Kh1 b5
15. Bd3 h5 16. e5 Qh4 17. Be4 Bd5 18. Rad1 Ne7 19. Bxd5 Nxd5 20. Qf3 c6 21. c4
Ne7 22. Nc2 Nf5 23. Kg1 Rxd1 24. Rxd1 Rd8 25. g3 Rxd1+ 26. Qxd1 Nxg3 27. Qd3
Qxf4 28. hxg3 Qxe5 29. b3 g6 30. Kg2 Kg7 31. a3 Kh6 32. Qe3+ Qxe3 33. Nxe3 Kg5
34. Kf3 f5 35. Ng2 Kf6 36. Nf4 a5 37. a4 bxa4 38. bxa4 Ke5 39. Ke3 1-0

[Event "Mundial Juvenil 2005 s14"]
[Site "Belfort FRA"]
[Date "2005.07.20"]
[Round "2.11"]
[White "Demuth, Adrien"]
[Black "Leniart, Arkadiusz"]
[Result "1/2-1/2"]
[WhiteElo "2053"]
[BlackElo "2269"]
[PlyCount "75"]
[EventDate "2005.07.19"]
[EventType "swiss"]
[EventRounds "11"]
[EventCountry "FRA"]
[Source "lmi"]
[SourceDate "2005.07.31"]

1. d4 d5 2. c4 e6 3. Nc3 Be7 4. Nf3 Nf6 5. Bg5 h6 6. Bh4 O-O 7. cxd5 Nxd5 8.
Bxe7 Qxe7 9. Nxd5 exd5 10. e3 Bf5 11. Bd3 Bxd3 12. Qxd3 Nd7 13. O-O c6 14. Rfe1
Qd6 15. Rab1 a5 16. Rbc1 Rfe8 17. Qb3 Qb4 18. Qc2 a4 19. Rb1 Ra5 20. b3 a3 21.
Rec1 g6 22. Ne1 Rb5 23. Nd3 Qd6 24. b4 Nb6 25. Ne5 Kg7 26. Qd3 Rxb4 27. Rxb4
Qxb4 28. Rb1 Qa5 29. Qb3 Nc4 30. Nxc4 dxc4 31. Qxc4 Re7 32. Qb4 Qxb4 33. Rxb4
b5 34. Kf1 Rc7 35. Rb3 Ra7 36. Ke2 Kf6 37. d5 cxd5 38. Rxb5 1/2-1/2

[Event "Mundial Juvenil 2005 s14"]
[Site "Belfort FRA"]
[Date "2005.07.20"]
[Round "2.12"]
[White "Recuero Guerra, David"]
[Black "Delivre, Raphael"]
[Result "1-0"]
[WhiteElo "2261"]
[BlackElo "2037"]
[PlyCount "49"]
[EventDate "2005.07.19"]
[EventType "swiss"]
[EventRounds "11"]
[EventCountry "FRA"]
[Source "lmi"]
[SourceDate "2005.07.31"]

1. e4 c5 2. Nc3 Nc6 3. g3 g6 4. Bg2 Bg7 5. d3 d6 6. f4 e6 7. Nf3 Rb8 8. O-O b5
9. Ne2 Nd4 10. g4 Ne7 11. Nfxd4 cxd4 12. f5 Be5 13. Bg5 gxf5 14. gxf5 Rg8 15.
Bh4 Qc7 16. Ng3 Bxg3 17. hxg3 exf5 18. Qh5 f4 19. Qxh7 Be6 20. Rxf4 Kd7 21. Bh3
Bxh3 22. Rxf7 Kc6 23. Rxe7 Qb6 24. Qf7 Qd8 25. Rxa7 1-0

[Event "Mundial Juvenil 2005 s14"]
[Site "Belfort FRA"]
[Date "2005.07.20"]
[Round "2.13"]
[White "Mammadov, Ayaz"]
[Black "Utegaliev, A."]
[Result "0-1"]
[WhiteElo "2037"]
[BlackElo "2249"]
[PlyCount "72"]
[EventDate "2005.07.19"]
[EventType "swiss"]
[EventRounds "11"]
[EventCountry "FRA"]
[Source "lmi"]
[SourceDate "2005.07.31"]

1. e4 c5 2. Nf3 d6 3. d4 cxd4 4. Nxd4 Nf6 5. Nc3 a6 6. Bg5 e6 7. f4 Qb6 8. Qd2
Qxb2 9. Rb1 Qa3 10. f5 b5 11. fxe6 fxe6 12. Bxf6 gxf6 13. Be2 Qc5 14. Bg4 Kf7
15. Rf1 h5 16. Bh3 Bh6 17. Qd3 Nc6 18. Nxc6 Qxc6 19. Ne2 Qc5 20. Rd1 Ke7 21.
Nd4 Bd7 22. Qb3 Qc4 23. Qf3 Bg5 24. e5 f5 25. exd6+ Kf7 26. Kf2 Bf6 27. Nb3
Qxc2+ 28. Kg1 Qc6 29. Qf2 Rac8 30. Qf4 Qc4 31. Qf3 Qc6 32. Qf4 Qb6+ 33. Kh1 Rc4
34. Qf2 b4 35. Rfe1 Rc3 36. Qe2 Rxh3 0-1

[Event "Mundial Juvenil 2005 s14"]
[Site "Belfort FRA"]
[Date "2005.07.20"]
[Round "2.16"]
[White "Boychev, Mariyan"]
[Black "Thomas, Jac"]
[Result "1-0"]
[WhiteElo "2240"]
[BlackElo "2014"]
[PlyCount "77"]
[EventDate "2005.07.19"]
[EventType "swiss"]
[EventRounds "11"]
[EventCountry "FRA"]
[Source "lmi"]
[SourceDate "2005.07.31"]

1. d4 Nf6 2. c4 g6 3. Nc3 Bg7 4. e4 d6 5. f3 O-O 6. Be3 Nbd7 7. Bd3 e5 8. d5
Ne8 9. Qd2 f5 10. O-O-O f4 11. Bf2 c5 12. dxc6 bxc6 13. c5 Qa5 14. Bc4+ Kh8 15.
cxd6 Rf6 16. h4 Nxd6 17. Bb3 Nc5 18. Bxc5 Qxc5 19. Nh3 Nb5 20. Ng5 Nd4 21. h5
h6 22. Bf7 gxh5 23. Rxh5 Qe7 24. Bc4 Qc5 25. Nf7+ Kh7 26. Nxe5 Nxf3 27. gxf3
Rf8 28. Qd6 Qe3+ 29. Kb1 Rf6 30. Qe7 Ba6 31. Bxa6 Rb8 32. Nd7 Re6 33. Rxh6+
Rxh6 34. Nxb8 Rh2 35. Be2 Qb6 36. Nd7 Qe3 37. e5 Rg2 38. Rh1+ Kg6 39. Qe8+ 1-0

[Event "Mundial Juvenil 2005 s14"]
[Site "Belfort FRA"]
[Date "2005.07.20"]
[Round "2.17"]
[White "Hansen-Cherstiouk, Alexei"]
[Black "Pereira, Ruben Miguel Nunes"]
[Result "1-0"]
[WhiteElo "2019"]
[BlackElo "2239"]
[PlyCount "57"]
[EventDate "2005.07.19"]
[EventType "swiss"]
[EventRounds "11"]
[EventCountry "FRA"]
[Source "lmi"]
[SourceDate "2005.07.31"]

1. e4 c5 2. Nf3 d6 3. d4 cxd4 4. Nxd4 Nf6 5. Nc3 a6 6. Bg5 e6 7. f4 Qb6 8. Qd2
Qxb2 9. Rb1 Qa3 10. f5 Be7 11. fxe6 fxe6 12. Bc4 Kf7 13. O-O Qc5 14. Na4 Qxc4
15. Nb6 Qc5 16. Be3 Nbd7 17. Nxa8 b5 18. Nxe6 Qc6 19. Nac7 h6 20. Qd5 Qxd5 21.
exd5 Ne5 22. Bd4 Bb7 23. a4 Nc4 24. axb5 axb5 25. Rxb5 Ba8 26. Rb4 Nd2 27. Rd1
Nde4 28. c4 Re8 29. Ra1 1-0

[Event "Mundial Juvenil 2005 s14"]
[Site "Belfort FRA"]
[Date "2005.07.20"]
[Round "2.18"]
[White "Roganovic, Milos"]
[Black "Madar, Martin"]
[Result "1-0"]
[WhiteElo "2228"]
[BlackElo "1976"]
[PlyCount "61"]
[EventDate "2005.07.19"]
[EventType "swiss"]
[EventRounds "11"]
[EventCountry "FRA"]
[Source "lmi"]
[SourceDate "2005.07.31"]

1. e4 d5 2. exd5 Nf6 3. d4 Nxd5 4. Nf3 g6 5. Be2 Bg7 6. O-O O-O 7. c4 Nb6 8.
Nc3 Nc6 9. d5 Ne5 10. c5 Nbd7 11. Nxe5 Nxe5 12. Be3 Re8 13. f4 Nd7 14. Qb3 b6
15. c6 Nc5 16. Qa3 Bxc3 17. Qxc3 Qxd5 18. Rad1 Qf5 19. g4 Qf6 20. Bd4 Qh4 21.
f5 gxf5 22. gxf5 Ba6 23. Bxa6 Nxa6 24. Rd3 f6 25. Rh3 Qe4 26. Rg3+ Kf7 27. Qc4+
e6 28. fxe6+ Rxe6 29. Rxf6+ Ke7 30. Rg7+ Kd6 31. Rd7# 1-0

[Event "Mundial Juvenil 2005 s14"]
[Site "Belfort FRA"]
[Date "2005.07.20"]
[Round "2.19"]
[White "Sandeep, Y."]
[Black "Borel, Yannick"]
[Result "1-0"]
[WhiteElo "2189"]
[BlackElo "1951"]
[PlyCount "55"]
[EventDate "2005.07.19"]
[EventType "swiss"]
[EventRounds "11"]
[EventCountry "FRA"]
[Source "lmi"]
[SourceDate "2005.07.31"]

1. Nf3 Nf6 2. g3 d5 3. Bg2 e6 4. O-O Be7 5. d4 O-O 6. c4 c6 7. b3 b6 8. Qc2 Bb7
9. Rd1 Nbd7 10. Nc3 Qc8 11. Bb2 c5 12. cxd5 exd5 13. Rac1 Rd8 14. e3 Qc7 15.
dxc5 bxc5 16. Ne2 Qa5 17. Nf4 Rac8 18. Qb1 Qb5 19. Bf1 Qb6 20. Bg2 Qc7 21. h4
h6 22. Qf5 Nb6 23. Ne5 Ra8 24. Nxf7 Bc8 25. Nxh6+ Kh8 26. Ng6+ Kh7 27. Nf8+ Kh8
28. Qh7+ 1-0

[Event "Mundial Juvenil 2005 s14"]
[Site "Belfort FRA"]
[Date "2005.07.21"]
[Round "3.1"]
[White "Alza, Agustin"]
[Black "Wei, Chenpeng"]
[Result "1/2-1/2"]
[WhiteElo "2167"]
[BlackElo "2406"]
[PlyCount "107"]
[EventDate "2005.07.19"]
[EventType "swiss"]
[EventRounds "11"]
[EventCountry "FRA"]
[Source "lmi"]
[SourceDate "2005.07.31"]

1. d4 Nf6 2. c4 c6 3. Nc3 d5 4. e3 a6 5. Nf3 b5 6. b3 Bf5 7. Bd3 Bg6 8. O-O e6
9. c5 a5 10. a4 b4 11. Ne2 Nbd7 12. Bb2 Be7 13. Qc2 O-O 14. Rac1 Re8 15. Ng3
Qb8 16. h3 Bd8 17. Ne5 Nxe5 18. dxe5 Nd7 19. f4 Bxd3 20. Qxd3 f6 21. exf6 Bxf6
22. Bxf6 Nxf6 23. e4 e5 24. f5 Qa7 25. Kh1 Rad8 26. Qf3 Qf7 27. Rfe1 h6 28. Re3
Kh8 29. Rce1 Rd7 30. Kh2 Rde7 31. Kh1 Kg8 32. Kh2 h5 33. exd5 cxd5 34. Qd1 h4
35. Nf1 d4 36. Rd3 Qd5 37. Re2 Qxc5 38. Rc2 Qd6 39. Kg1 Nd5 40. Ne3 Nxe3 41.
Rxe3 Qb6 42. Re4 Qh6 43. Qd3 Qh5 44. Rg4 e4 45. Qxd4 Qxf5 46. Rc5 Re5 47. Rxe5
Qxe5 48. Qxe5 Rxe5 49. Rxh4 g5 50. Rg4 Kf7 51. h4 gxh4 52. Rxh4 Ke6 53. Kf2 Kd5
54. Ke3 1/2-1/2

[Event "Mundial Juvenil 2005 s14"]
[Site "Belfort FRA"]
[Date "2005.07.21"]
[Round "3.2"]
[White "Matlakov, Maxim"]
[Black "Ju, Evan D"]
[Result "1/2-1/2"]
[WhiteElo "2399"]
[BlackElo "2149"]
[PlyCount "79"]
[EventDate "2005.07.19"]
[EventType "swiss"]
[EventRounds "11"]
[EventCountry "FRA"]
[Source "lmi"]
[SourceDate "2005.07.31"]

1. e4 e6 2. Nc3 d5 3. Nf3 Nf6 4. e5 Nfd7 5. d4 c5 6. dxc5 Bxc5 7. Bd3 Nc6 8.
Bf4 a6 9. Qe2 b5 10. O-O-O Nb6 11. Nd2 Bd4 12. Ncb1 Nb4 13. c3 Nxd3+ 14. Qxd3
Bc5 15. Qg3 Kf8 16. Ne4 Be7 17. Bg5 Bxg5+ 18. Nxg5 Qc7 19. Qf4 h6 20. Nf3 Qc4
21. Qd4 Qxd4 22. cxd4 Bd7 23. Nbd2 Ke7 24. Nb3 Rhc8+ 25. Kb1 b4 26. Nc5 Bb5 27.
Nd2 a5 28. a3 bxa3 29. b3 Nd7 30. Rc1 Ra7 31. Nxd7 Kxd7 32. Rxc8 Kxc8 33. Rc1+
Rc7 34. Rxc7+ Kxc7 35. Ka2 Kb6 36. Kxa3 Bd3 37. Kb2 Kb5 38. Kc3 Bg6 39. f4 a4
40. bxa4+ 1/2-1/2

[Event "Mundial Juvenil 2005 s14"]
[Site "Belfort FRA"]
[Date "2005.07.21"]
[Round "3.3"]
[White "Alonso Rosell, Alvar"]
[Black "Pap, Gyula"]
[Result "0-1"]
[WhiteElo "2156"]
[BlackElo "2384"]
[PlyCount "108"]
[EventDate "2005.07.19"]
[EventType "swiss"]
[EventRounds "11"]
[EventCountry "FRA"]
[Source "lmi"]
[SourceDate "2005.07.31"]

1. d4 d5 2. c4 e6 3. Nc3 Nf6 4. cxd5 exd5 5. Bg5 c6 6. e3 Be7 7. Qc2 Nbd7 8.
Bd3 O-O 9. Nge2 Re8 10. f3 Nf8 11. O-O Nh5 12. Bxe7 Rxe7 13. e4 dxe4 14. Bxe4
Nf6 15. Rad1 Be6 16. Nf4 Rd7 17. Qf2 Bc4 18. Bd3 Bxd3 19. Rxd3 Qa5 20. Rfd1
Rad8 21. a3 Qf5 22. Qe3 Ng6 23. Nxg6 hxg6 24. Qf2 Nd5 25. Ne4 Nf4 26. R3d2 Qb5
27. Qe3 Ne6 28. Nc5 Nxc5 29. dxc5 Rxd2 30. Rxd2 Rxd2 31. Qxd2 Qxc5+ 32. Kf1 Qd5
33. Qb4 c5 34. Qb5 a6 35. Qe8+ Kh7 36. Qe2 c4 37. Qe7 f6 38. Qb4 b5 39. Qc3 Qe5
40. Qd2 a5 41. h3 Qf5 42. Ke2 Qb1 43. Kf2 Qf5 44. Ke2 Qe6+ 45. Kf1 Qa6 46. Ke1
Qb6 47. Kf1 b4 48. axb4 axb4 49. Qd5 c3 50. bxc3 b3 51. Qe4 b2 52. Qb1 Qb3 53.
Ke2 Qxc3 54. Kd1 Qe3 0-1

[Event "Mundial Juvenil 2005 s14"]
[Site "Belfort FRA"]
[Date "2005.07.21"]
[Round "3.5"]
[White "Rozum, Ivan"]
[Black "Pavlidis, Anastasios"]
[Result "1-0"]
[WhiteElo "2297"]
[BlackElo "2127"]
[PlyCount "103"]
[EventDate "2005.07.19"]
[EventType "swiss"]
[EventRounds "11"]
[EventCountry "FRA"]
[Source "lmi"]
[SourceDate "2005.07.31"]

1. e4 c5 2. Nf3 d6 3. d4 cxd4 4. Nxd4 Nf6 5. Nc3 g6 6. Be3 Bg7 7. f3 O-O 8. Qd2
Nc6 9. g4 h5 10. h3 Bd7 11. O-O-O a6 12. Kb1 b5 13. Nd5 Nxd5 14. exd5 Ne5 15.
Bh6 h4 16. Bxg7 Kxg7 17. f4 Nc4 18. Bxc4 bxc4 19. f5 Rb8 20. Qc3 f6 21. fxg6
Rc8 22. Nf5+ Bxf5 23. gxf5 Qd7 24. Rhf1 Rh8 25. Qe3 Rc7 26. c3 Rh5 27. Qe4 a5
28. Rf4 a4 29. a3 Rb7 30. Rd2 Rg5 31. Rg2 Rxg2 32. Qxg2 Rb5 33. Kc1 Rb7 34. Qe4
Qb5 35. Rf2 Qc5 36. Qxh4 Qe3+ 37. Rd2 Qh6 38. Qxh6+ Kxh6 39. Rd4 Rb8 40. h4 Rc8
41. Re4 Rc7 42. Kd2 Rb7 43. Ke3 Kg7 44. Kd4 Rc7 45. Re2 Kh6 46. Rg2 Rc8 47. g7
Rg8 48. Rg6+ Kh7 49. Kxc4 Rc8+ 50. Kb4 Rg8 51. h5 Rb8+ 52. Kxa4 1-0

[Event "Mundial Juvenil 2005 s14"]
[Site "Belfort FRA"]
[Date "2005.07.21"]
[Round "3.6"]
[White "Hess, Robert L"]
[Black "Lehmann, Marco"]
[Result "1-0"]
[WhiteElo "2278"]
[BlackElo "2103"]
[PlyCount "95"]
[EventDate "2005.07.19"]
[EventType "swiss"]
[EventRounds "11"]
[EventCountry "FRA"]
[Source "lmi"]
[SourceDate "2005.07.31"]

1. e4 c5 2. Nc3 Nc6 3. g3 g6 4. Bg2 Bg7 5. d3 d6 6. f4 e6 7. Nf3 Nge7 8. O-O
O-O 9. Be3 Nd4 10. Bf2 Nec6 11. Nxd4 Nxd4 12. e5 dxe5 13. fxe5 Bxe5 14. Ne4 f5
15. Nxc5 Qd6 16. b4 Nc6 17. Rb1 Rb8 18. Nb3 b6 19. d4 Bg7 20. a3 Ne7 21. Re1
Nd5 22. Rc1 Bh6 23. c4 Bxc1 24. Qxc1 Nf6 25. Be3 Qd7 26. c5 Ba6 27. c6 Qf7 28.
Qc2 Nd5 29. Bg5 Rfe8 30. Nd2 Qf8 31. Qa4 h6 32. Qxa6 hxg5 33. Rxe6 Nc7 34. Rxe8
Rxe8 35. Qd3 b5 36. d5 Qd6 37. Qd4 Rd8 38. Nb3 Qe7 39. h3 Qd6 40. Kh2 f4 41.
gxf4 gxf4 42. Bf3 g5 43. Na5 Re8 44. Nb7 Qe7 45. d6 Qe1 46. Qg1 Qxg1+ 47. Kxg1
Na6 48. d7 1-0

[Event "Mundial Juvenil 2005 s14"]
[Site "Belfort FRA"]
[Date "2005.07.21"]
[Round "3.7"]
[White "Ly, Moulthun"]
[Black "Zhao, Nan"]
[Result "1/2-1/2"]
[WhiteElo "2117"]
[BlackElo "2276"]
[PlyCount "115"]
[EventDate "2005.07.19"]
[EventType "swiss"]
[EventRounds "11"]
[EventCountry "FRA"]
[Source "lmi"]
[SourceDate "2005.07.31"]

1. d4 Nf6 2. Nf3 g6 3. Nc3 d5 4. Bf4 Bg7 5. e3 O-O 6. Be2 Bf5 7. Ne5 Nbd7 8. h4
h5 9. f3 c6 10. Qd2 Rc8 11. Bd3 Bxd3 12. Qxd3 b5 13. O-O-O b4 14. Na4 Qa5 15.
Qb3 c5 16. Nd3 cxd4 17. exd4 Rc4 18. Rhe1 Rfc8 19. Rxe7 Rxd4 20. Re2 Rc6 21.
Be3 Rdc4 22. Bd2 Ra6 23. Nxb4 Qxa4 24. Nxa6 Qxa6 25. Bg5 Ra4 26. Qd3 Qb7 27. a3
Nc5 28. Qe3 Nfe4 29. c3 d4 30. cxd4 Bxd4 31. Rxd4 Nb3+ 32. Kb1 Rxd4 33. fxe4
Rd1+ 34. Kc2 Rc1+ 35. Qxc1 Nxc1 36. Kxc1 f6 37. Bxf6 Qa6 38. Rf2 Qc4+ 39. Kd2
Qxe4 40. g3 a5 41. Bc3 Qg4 42. Be5 Qe6 43. Bf4 Qd5+ 44. Ke1 Kf7 45. Bb8+ Kg7
46. Bf4 a4 47. Kf1 Qh1+ 48. Ke2 Kf6 49. Ke3 Ke6 50. Rd2 Kf5 51. Kd4 Qe4+ 52.
Kc5 Qe1 53. Kb5 Qe8+ 54. Kb4 Qc6 55. Ka5 Qc4 56. Kb6 Ke4 57. Ka5 Qb3 58. Ka6
1/2-1/2

[Event "Mundial Juvenil 2005 s14"]
[Site "Belfort FRA"]
[Date "2005.07.21"]
[Round "3.8"]
[White "Krejci, Jan"]
[Black "Recuero Guerra, David"]
[Result "1/2-1/2"]
[WhiteElo "2090"]
[BlackElo "2261"]
[PlyCount "78"]
[EventDate "2005.07.19"]
[EventType "swiss"]
[EventRounds "11"]
[EventCountry "FRA"]
[Source "lmi"]
[SourceDate "2005.07.31"]

1. e4 e5 2. Nf3 Nc6 3. Bb5 a6 4. Bxc6 dxc6 5. O-O f6 6. d4 exd4 7. Nxd4 c5 8.
Ne2 Be6 9. Nbc3 Ne7 10. Be3 Nc6 11. Nf4 Bf7 12. Qe2 Nd4 13. Bxd4 cxd4 14. Rad1
Qd6 15. Qf3 O-O-O 16. Nce2 Qe5 17. c3 Re8 18. Rxd4 Bd6 19. Qh3+ Kb8 20. Nd3 Qe7
21. b4 Bxa2 22. c4 b5 23. c5 Be5 24. Nxe5 fxe5 25. Rd2 Bc4 26. Qa3 Qf6 27. Rfd1
Rhf8 28. Nc3 Rd8 29. f3 Rd4 30. Nd5 Bxd5 31. exd5 Rxd2 32. Rxd2 Qf4 33. Rd1 e4
34. Qxa6 Qe3+ 35. Kh1 Rxf3 36. Qxb5+ Kc8 37. Qa6+ Kb8 38. Qb5+ Kc8 39. Qa6+ Kb8
1/2-1/2

[Event "Mundial Juvenil 2005 s14"]
[Site "Belfort FRA"]
[Date "2005.07.21"]
[Round "3.9"]
[White "Utegaliev, A."]
[Black "Azemati, Amir"]
[Result "1-0"]
[WhiteElo "2249"]
[BlackElo "2078"]
[PlyCount "43"]
[EventDate "2005.07.19"]
[EventType "swiss"]
[EventRounds "11"]
[EventCountry "FRA"]
[Source "lmi"]
[SourceDate "2005.07.31"]

1. d4 Nf6 2. c4 e6 3. Nc3 Bb4 4. e3 b6 5. Nge2 Ba6 6. a3 Bxc3+ 7. Nxc3 d5 8. b3
O-O 9. Be2 Nbd7 10. O-O c5 11. cxd5 Bxe2 12. Qxe2 exd5 13. Rd1 Qb8 14. Rb1 Rd8
15. dxc5 Nxc5 16. Nb5 a6 17. Nd4 Qb7 18. Bb2 Rac8 19. Nf5 Nfe4 20. Rbc1 Nd7 21.
Rxc8 Rxc8 22. Rxd5 1-0

[Event "Mundial Juvenil 2005 s14"]
[Site "Belfort FRA"]
[Date "2005.07.21"]
[Round "3.10"]
[White "Arnold, Marc T"]
[Black "Boychev, Mariyan"]
[Result "0-1"]
[WhiteElo "2087"]
[BlackElo "2240"]
[PlyCount "96"]
[EventDate "2005.07.19"]
[EventType "swiss"]
[EventRounds "11"]
[EventCountry "FRA"]
[Source "lmi"]
[SourceDate "2005.07.31"]

1. d4 Nf6 2. c4 e6 3. Nc3 Bb4 4. e3 b6 5. Bd3 Bb7 6. Nf3 Bxc3+ 7. bxc3 d6 8.
O-O Nbd7 9. Re1 Qe7 10. e4 O-O-O 11. a4 a5 12. e5 dxe5 13. Nxe5 Nxe5 14. Rxe5
Nd7 15. Re1 e5 16. Bf5 Kb8 17. Qc2 Rhe8 18. Ba3 Qg5 19. Be4 Bxe4 20. Rxe4 Nf6
21. Ree1 exd4 22. Rxe8 Nxe8 23. cxd4 Rxd4 24. c5 Rd2 25. Qb3 Qd5 26. Qxd5 Rxd5
27. cxb6 cxb6 28. g3 Nc7 29. Kg2 g6 30. Kf3 Ne6 31. Ke4 Rd2 32. Ke3 Rd4 33. Bb2
Rc4 34. Be5+ Kc8 35. f4 Nc5 36. Rb1 Re4+ 37. Kf3 Rb4 38. Rc1 Kb7 39. Bd6 Kc6
40. Bxc5 bxc5 41. Ra1 f5 42. Ke3 Rb3+ 43. Kd2 Rb2+ 44. Kc3 Rxh2 45. Rg1 Re2 46.
g4 fxg4 47. Rxg4 Re4 48. Kb3 Rb4+ 0-1

[Event "Mundial Juvenil 2005 s14"]
[Site "Belfort FRA"]
[Date "2005.07.21"]
[Round "3.12"]
[White "Baudson, Charles"]
[Black "Sandeep, Y."]
[Result "0-1"]
[WhiteElo "2022"]
[BlackElo "2189"]
[PlyCount "152"]
[EventDate "2005.07.19"]
[EventType "swiss"]
[EventRounds "11"]
[EventCountry "FRA"]
[Source "lmi"]
[SourceDate "2005.07.31"]

1. e4 c5 2. Nf3 d6 3. c3 Nf6 4. h3 Nc6 5. Bd3 d5 6. e5 Nd7 7. Bb5 a6 8. Bxc6
bxc6 9. d3 Nb6 10. O-O Bf5 11. Nh4 Qd7 12. Be3 e6 13. Nxf5 exf5 14. Bf4 Be7 15.
Re1 O-O 16. Nd2 Rfe8 17. Nf1 Bf8 18. Ng3 Ra7 19. Nh5 Na8 20. Qf3 Nc7 21. Qg3
Kh8 22. Qh4 Ne6 23. Bd2 Qe7 24. Qg3 Rb8 25. Rab1 Rab7 26. Bc1 g6 27. Nf6 Bg7
28. Qh4 Bxf6 29. exf6 Qd6 30. Re2 Qd7 31. Qh6 Qd8 32. Bf4 Qf8 33. Qxf8+ Rxf8
34. Bd6 Rd8 35. Be7 Re8 36. Bxc5 Rc8 37. Rbe1 h6 38. Be7 g5 39. d4 Kh7 40. b4
Kg6 41. Re5 Nf4 42. R5e3 Ne6 43. Rf3 Ra8 44. Re5 f4 45. g3 a5 46. gxf4 Nxf4 47.
a3 axb4 48. Bxb4 Kxf6 49. h4 Kg6 50. hxg5 hxg5 51. Rg3 f6 52. Ree3 Rh8 53. Kf1
Rh2 54. Ref3 Kf5 55. Ke1 Rb8 56. Kd1 Re8 57. Re3 Reh8 58. Rgf3 Rh1+ 59. Re1 g4
60. Rg3 Rxe1+ 61. Kxe1 Rh1+ 62. Kd2 Rf1 63. a4 Rxf2+ 64. Kd1 Ra2 65. a5 Kg5 66.
Re3 f5 67. Be7+ Kh5 68. Bd8 Ng6 69. Re2 Ra1+ 70. Kc2 Nf4 71. Rf2 Ra2+ 72. Kb3
Rxf2 73. a6 Rf1 74. Ka2 g3 75. a7 g2 76. a8=Q g1=Q 0-1

[Event "Mundial Juvenil 2005 s14"]
[Site "Belfort FRA"]
[Date "2005.07.21"]
[Round "3.14"]
[White "Simonian, Tigran"]
[Black "Tvarijonas, Povilas"]
[Result "0-1"]
[WhiteElo "1599"]
[BlackElo "2174"]
[PlyCount "128"]
[EventDate "2005.07.19"]
[EventType "swiss"]
[EventRounds "11"]
[EventCountry "FRA"]
[Source "lmi"]
[SourceDate "2005.07.31"]

1. d4 d5 2. Nf3 Nf6 3. c4 c6 4. Nc3 dxc4 5. a4 Bf5 6. e3 e6 7. Bxc4 Bb4 8. O-O
O-O 9. Qe2 Ne4 10. Nxe4 Bxe4 11. Rd1 Nd7 12. Bd2 Qa5 13. Bxb4 Qxb4 14. Nd2 Bc2
15. Rdc1 Bg6 16. Nf3 Rad8 17. Ra3 Qd6 18. e4 e5 19. Rd3 exd4 20. Rxd4 Qe7 21.
Rcd1 Nc5 22. e5 Bh5 23. Qe3 Rxd4 24. Rxd4 Bxf3 25. gxf3 h6 26. f4 Re8 27. a5 b6
28. axb6 axb6 29. Qd2 b5 30. Ba2 Ra8 31. b4 Ne6 32. Bxe6 Qxe6 33. Rd8+ Rxd8 34.
Qxd8+ Kh7 35. f3 Qc4 36. Qd2 c5 37. bxc5 Qxc5+ 38. Kg2 b4 39. Qd3+ g6 40. f5
Qxe5 41. fxg6+ fxg6 42. Qd7+ Qg7 43. Qb5 Qe7 44. h4 Qxh4 45. Qd7+ Kg8 46. Qe8+
Kg7 47. Qd7+ Kg8 48. Qc8+ Kf7 49. Qd7+ Qe7 50. Qd4 Kg8 51. Qc4+ Kh7 52. Kh2 Qb7
53. Qb3 h5 54. Kg3 Kh6 55. Qg8 Qc7+ 56. Kg2 Qg7 57. Qb8 Qe7 58. Qh8+ Kg5 59.
Qb8 Qe2+ 60. Kg1 Qxf3 61. Qd8+ Qf6 62. Qd2+ Qf4 63. Qd8+ Kg4 64. Qd1+ Kh3 0-1